Ameer muawiya aur tareekhi haqayiq (Record no. 11705)

000 -LEADER
fixed length control field 00354nam a22001337a 4500
082 ## - DEWEY DECIMAL CLASSIFICATION NUMBER
Classification number 297.648 TAK
100 ## - MAIN ENTRY--PERSONAL NAME
Personal name Taqi Usmani, Muhammad
245 ## - TITLE STATEMENT
Title Ameer muawiya aur tareekhi haqayiq
260 ## - PUBLICATION, DISTRIBUTION, ETC.
Place of publication, distribution, etc. Quranic Studies Publishers
Name of publisher, distributor, etc. Karachi
Date of publication, distribution, etc. 2012
300 ## - PHYSICAL DESCRIPTION
Extent 327p. :
Accompanying material 20 cm
650 ## - SUBJECT ADDED ENTRY--TOPICAL TERM
Topical term or geographic name entry element Islamic fundamentalism
700 ## - ADDED ENTRY--PERSONAL NAME
Personal name Muhammad Taqi Usmani
942 ## - ADDED ENTRY ELEMENTS (KOHA)
Koha item type Book
Holdings
Withdrawn status Lost status Damaged status Not for loan Collection code Permanent Location Current Location Shelving location Date acquired Source of acquisition Cost, normal purchase price Total Checkouts Total Renewals Full call number Barcode Date last seen Date last checked out Price effective from Koha item type
          Central Library (CL) Central Library (CL) General Stacks 04/09/2013 Allied Book Company 320.00 5 5 297.648 TAK SEECS012272 04/07/2026 10/13/2025 04/12/2013 Book
© 2023 Central Library, National University of Sciences and Technology. All Rights Reserved.